000 00432 a2200133 4500
001 92224
082 _aPR 2487
090 _c44184
_d44183
100 _aQazi Abdul Haseeb and Abdullah Bin Masood; Prof Farooq Bin Akram (Advisor)
245 _aConceptual and Preliminary Design of Pak-NGFA CAD Modeling of Systems and Sub-systems
_h78 "A" EC
260 _aIslamabad
_bNUST
_c2015
300 _axii,76p.
500 _aBE Project Report
942 _aCAE NUST
_kPR 2487
999 _c327297
_d327297